Filosofía del lenguaje
I tiakina i:
| Kaituhi matua: | |
|---|---|
| Hōputu: | Pukapuka |
| Reo: | Pāniora |
| I whakaputaina: |
Madrid
Gredos
1979
|
| Rangatū: | Biblioteca Románica Hispánica. II, Estudios y Ensayos, 290
|
| Ngā marau: | |
| Ngā Tūtohu: |
Tāpirihia he Tūtohu
Kāore He Tūtohu, Me noho koe te mea tuatahi ki te tūtohu i tēnei pūkete!
|
MARC
| LEADER | 00000nam a2200000 a 4500 | ||
|---|---|---|---|
| 001 | UCQ6034 | ||
| 003 | CL-VaPUC | ||
| 008 | 981009e19790000SP |||||||||||||||||spa|d | ||
| 082 | 0 | 4 | |a 401 |b KUT |2 21 |
| 100 | |a Kutschera, Franz von |e author |9 419982 | ||
| 245 | 1 | 0 | |a Filosofía del lenguaje |
| 300 | |a 409 p | ||
| 942 | |c BK | ||
| 945 | |d 19981009 00:00:00 |a cmena | ||
| 260 | |a Madrid |b Gredos |c 1979 | ||
| 650 | 0 | |a Filosofía del lenguaje |9 257082 | |
| 650 | 0 | |a Teoría del conocimiento |9 255038 | |
| 650 | 0 | |a Epistemología |9 264994 | |
| 650 | 7 | |a TEORIA LINGUISTICA |2 CL-VaPUC |9 334835 | |
| 650 | 0 | |a Lingüística |9 265068 | |
| 583 | |a last modification |c 19981009 00:00:00 |k Rodrigo Vera | ||
| 490 | 0 | |a Biblioteca Románica Hispánica. II, Estudios y Ensayos, 290 | |
| 999 | |c 276037 |d 276035 | ||
| 952 | |0 0 |1 0 |4 0 |6 401_000000000000000_KUT_1979 |7 0 |8 A |9 313142 |a FDOPOS |b FDOPOS |d 2019-11-20 |i 1479091 |o 401 KUT 1979 |p 1479091 |r 2025-01-22 |w 2019-11-20 |y BK |k MLA | ||
| 952 | |0 0 |1 0 |4 0 |6 401_000000000000000_KUT_1979 |7 0 |8 A |9 313143 |a FDOPOS |b FDOPOS |d 2019-11-20 |i 1479245 |o 401 KUT 1979 |p 1479245 |r 2025-01-22 |w 2019-11-20 |y BK |k MLA | ||